US Presidential Last Names "Hangman" - Randomized - Statistics

General Stats
  • This quiz has been taken 2,437 times
  • The average score is 5 of 8
Answer Stats
Letter % Correct
A
97%
A
95%
A
95%
A
93%
A
89%
E
89%
N
86%
O
86%
O
86%
E
83%
I
82%
S
80%
E
78%
I
78%
O
74%
O
74%
E
72%
I
72%
R
72%
R
72%
H
70%
E
69%
I
66%
I
65%
M
65%
U
64%
L
63%
L
63%
R
63%
B
58%
H
58%
N
58%
N
58%
R
58%
C
57%
L
57%
R
57%
L
53%
F
52%
N
51%
N
51%
N
51%
D
50%
D
45%
G
44%
U
44%
F
43%
G
42%
C
41%
L
40%
M
39%
B
38%
V
30%
C
25%
K
24%
Y
24%
No matching quizzes found
Score Distribution
Percent of People with Each Score
Percentile by Number Answered
Your Score History
You have not taken this quiz